000 00719aam a2200253 4500
005 20251023135641.0
008 150626b2004 xxu||||| |||| 00| 0 spa d
020 _a8495787628
041 _aESP
082 _a658.456 L563r
100 _aLenciani, Patrick
_926694
245 _aReuniones que matan: una solucción para que sus reuniones sean eficaces y productivas
260 _aEspaña
260 _bEmpresa Activa
260 _c2004
300 _a255 páginas
490 _aDirección y Administración de Empresas
650 _aDIRECCIÓN DE REUNIONES
650 _aREUNIONES DE TRABAJO
650 _aFLASHBACK
650 _aLA PARADOJA DE LAS REUNIONES
650 _aCONFLICTOS
942 _cLIT
_2ddc
999 _c3122
_d3122